Animal Decoder #2 - Statistics

General Stats
  • This quiz has been taken 2,818 times
  • The average score is 21 of 29
Answer Stats
Clue Answer % Correct
L "The King of the Jungle" Lion
98%
R Bunny Rabbit
97%
A Insect that can lift many times its own weight Ant
94%
D Bird of peace Dove
94%
H Female chicken Hen
93%
C Hooded snake Cobra
90%
T Namesake animal of Tasmania {Tasmanian Devil}
88%
A Can roll into an armored ball Armadillo
87%
E Has African and Asian varieties Elephant
86%
O Bird that doesn't really stick its head in sand Ostrich
86%
O Nocturnal bird of prey Owl
85%
P Emperor, Adelie, Rockhopper, for example Penguin
84%
T Turtle Tortoise
83%
N Unicorns of the sea Narwhal
80%
C Roadrunner's nemesis Coyote
79%
A Horror flick about an Amazon snake Anaconda
77%
S A deadly sin Sloth
76%
G Insurance spokesman lizard Gecko
71%
O They hold paws while sleeping Otter
71%
A It's bad luck to kill this seabird Albatross
70%
P Quilled rodent; symbol of Ghana Porcupine
68%
I Large lizards of Mexico Iguana
67%
S Marine mammal or "Rose" singer Seal
55%
E "Spiny anteater" of Australia Echidna
51%
S Bullwinkle's partner, Rocky, was a flying version Squirrel
51%
A leopard cannot change its spots
49%
N It takes care of a large litter {Nurse} Shark
49%
T Long-snouted pig-like animal that is actually related to horses Tapir
45%
N "Living Fossil" mollusc Nautilus
27%
No matching quizzes found
Score Distribution
Percent of People with Each Score
Percentile by Number Answered
Your Score History
You have not taken this quiz